MARC

LEADER 00000nam0a2200000 4500
001 141606
005 20231031142506.0
029 1 0 |a RU  |b II-25-80  |c  СНиП 
035 |a (RuTPU)RU\TPU\book\153500 
035 |a RU\TPU\book\153489 
090 |a 141606 
100 |a 20080822d1986 k y0rusy50 ca 
101 0 |a rus 
102 |a RU 
105 |a a l 000zy 
200 1 |a Пособие по проектированию деревяных конструкций (к СНиП II-25-80)  |f Центральный научно-исследовательский институт строительных конструкций им. В. А. Кучеренко (ЦНИИСК им. Кучеренко) 
205 |a Офиц. изд. 
210 |a Москва  |c Стройиздат  |d 1986 
215 |a 215 с.  |c ил. 
229 |a Утверждено приказом по ЦНИИСК им. Кучеренко от 28 ноября 1983 г. № 372/л 
610 1 |a строительство 
610 1 |a СНиПы 
610 1 |a строительные нормы и правила 
610 1 |a нормы проектирования 
610 1 |a деревянные конструкции 
610 1 |a материалы 
610 1 |a расчет 
610 1 |a характеристики 
610 1 |a соединения 
610 1 |a технико-экономическая оценка 
675 |a 624(083)  |v 3 
712 0 2 |a Центральный научно-исследовательский институт строительных конструкций им. В. А. Кучеренко (ЦНИИСК им. Кучеренко)  |2 stltpush  |3 (RuTPU)RU\TPU\col\9545 
801 1 |a RU  |b 63413507  |c 20030819  |g PSBO 
801 2 |a RU  |b 63413507  |c 20221207  |g PSBO 
942 |c BK